Implementácia etického kódexu vo vybranom podniku bakalárska práca

Uložené v:
Podrobná bibliografia
Hlavný autor: Ihnatová, Lucia
Korporativný autor: Podnikovohospodárska fakulta EU so sídlom v Košiciach. Katedra manažmentu
Ďalší autori: Lešková, Ľubica, 1988-
Médium: Kniha
Jazyk:Slovak
Vydavateľské údaje: Košice 2014
Tagy: Pridať tag
Žiadne tagy, Buďte prvý, kto otaguje tento záznam!

MARC

LEADER 00000nbm a2200000 4500
001 0189152
005 20170201084955.1
041 0 |a slo 
044 |a SK 
245 1 0 |a Implementácia etického kódexu vo vybranom podniku  |b bakalárska práca  |c Lucia Ihnatová ; školiteľ: Ľubica Lešková 
264 1 |a Košice  |c 2014 
300 |a 43 s. 
100 1 |a Ihnatová, Lucia 
700 1 |a Lešková, Ľubica, 1988- 
710 2 |a Podnikovohospodárska fakulta EU so sídlom v Košiciach. Katedra manažmentu